Дело с рескриптом ее императорского высочества великой княгини Александры Петровны о малолетнем Лебедеве

Доступно только в Электронных читальных залах Найти на картеНа карте
RUSMARC
00003748nmc2a22000003x 450
001a0f46a7d-3f1d-4c2b-91e9-922d710f920a
00520200312001119.0
100##$a20180608l18821882k l0rusy0189 ca
1010#$arus
102##$aRU
2001#$aДело с рескриптом ее императорского высочества великой княгини Александры Петровны о малолетнем Лебедеве
$j31 марта - 14 апреля 1882 г.
251##$cДело
300##$aДело
801#0$aRU
$bРГИА
$c20180608
$gRCR
801#1$aRU
$bГлавНИВЦ
$c20180608
$2rusmarc
801#2$aRU
$bПБ им. Б.Н. Ельцина
$c20200312
$gRCR
$2rusmarc
850##$aРГИА
852##$aРГИА
$eФедеральное казенное учреждение "Российский государственный исторический архив" (РГИА)
$j824
937##$hРГИА
$d12230748
$aASBIBLIO_SCAN
462#0$10014f623d04-db1c-458f-af33-83b1e1ca26e7
$12001
$aДела разряда средних учебных заведений Департамента народного просвещения за 1873-1882 годы
$1251
$cОпись
$1852
$j164
461#0$1001a74412a3-3cc5-4d21-8f0a-dfe2fbd9e72d
$12001
$aДепартамент народного просвещения Министерства народного просвещения (1803-1917)
$1251
$cФонд
$1852
$j733
215##$a9 л.
$d36,5х26 см
371##$aДокумент не является опубликованным и широко распространяемым
105##$ay###
1222#$ad
035##$aa0f46a7d-3f1d-4c2b-91e9-922d710f920a
856##$uhttp://readingroom.main.prlib.ru/item.aspx?id_node=n143480411&mode=full
Формат отображения